Mel Gibson's Films Quiz Stats

 Plays Quiz not verified by Sporcle

Also try: Famous Bunnies
Challenge
Share
Tweet
Embed
Score 0/39 Timer 10:00
0 Plays Today
Year Film % Correct
1987Lethal Weapon
91.3%
1995Braveheart
90.4%
1979Mad Max
88.7%
1989Lethal Weapon 2
88.7%
1992Lethal Weapon 3
87.8%
1981Mad Max 2
84.3%
1998Lethal Weapon 4
84.3%
2000What Women Want
80%
1996Ransom
74.8%
2000The Patriot
73.9%
1999Payback
69.6%
1992Forever Young
65.2%
1985Mad Max Beyond Thunderdome
62.6%
1990Bird on a Wire
62.6%
2002Signs
60%
1997Conspiracy Theory
59.1%
2002We Were Soldiers
57.4%
1993The Man Without a Face
56.5%
1988Tequila Sunrise
55.7%
2011The Beaver
55.7%
Year Film % Correct
1994Maverick
54.8%
1981Gallipoli
53%
1990Air America
53%
1979Tim
48.7%
1990Hamlet
47.8%
1982The Year of Living Dangerously
47%
1984The Bounty
47%
2000Chicken Run
47%
2010Edge of Darkness
47%
1984The River
44.3%
2012 (May)Get the Gringo
41.7%
1995Pocahontas
40.9%
1984Mrs Soffel
38.3%
1977Summer City
36.5%
1982Attack Force Z
35.7%
2000The Million Dollar Hotel
34.8%
2003The Singing Detective
34.8%
1993The Chili Con Carne Club
25.2%
2006Who Killed the Electric Car?
20.9%

You're not logged in!

Compare scores with friends on all Sporcle quizzes.
Join for Free
OR
Log In

You Might Also Like...

Show Comments

Extras

Top Quizzes Today


Score Distribution

Your Account Isn't Verified!

In order to create a playlist on Sporcle, you need to verify the email address you used during registration. Go to your Sporcle Settings to finish the process.

Report this User

Report this user for behavior that violates our Community Guidelines.

Details: